000 01031nam a2200229Ia 4500
001 9244
003 GE_BSU
008 181216s||||||||xx |||||||||||||| ||und||
040 _cGE_BSU
080 _a821.353.1-31+821.353.1-32
100 _aლორთქიფანიძე,კონსტანტინე
245 _aრჩეული თხზულებანი:ტ.2. სიკვდილი ცოტას მოიცდის
245 _bერთი რომანი და შვიდი მოთხრობა. რა მოხდა აბაშაში:ქართული სოფლის ქრონიკები
245 _cრედ.ვ.ძიძიგური.მხატვ. ლ. ცუცქირიძე
260 _aთბილისი
260 _bმერანი
260 _c1978
300 _a520გვ.ილ.17სმ.
653 _aთხზულებანი.
653 _aსიკვდილი ცოტას მოიცდის
942 _cBK
999 _c42546
_d42546